[Event "Uljanovsk Bagirov Memorial"]
[Site "Uljanovsk"]
[Date "2007.08.21"]
[Round "7"]
[White "Merkulov, Kirill"]
[Black "Filonov, Konstantin"]
[Result "1-0"]
[WhiteElo "1976"]
[BlackElo "1913"]
[PlyCount "65"]
[EventDate "2007.08.12"]
[EventType "swiss"]
[EventRounds "9"]
[EventCountry "RUS"]
[SourceTitle "EXT 2009"]
[Source "ChessBase"]
[SourceDate "2008.11.26"]
[SourceVersion "1"]
[SourceVersionDate "2008.11.26"]
[SourceQuality "1"]

1. d4 Nf6 2. Nf3 e6 3. c4 b6 4. Nc3 Bb7 5. Bg5 Be7 6. e3 d5 7. cxd5 Nxd5 8. Bxe7 Qxe7 9. Bb5+ c6 10. Bd3 Nd7 11. 0-0 0-0 12. Re1 Nxc3 13. bxc3 e5 14. e4 c5 15. d5 Nf6 16. Nd2 Bc8 17. h3 g6 18. a4 Bd7 19. Nc4 Nh5 20. Be2 Nf6 21. Bf3 Ne8 22. Bg4 Nf6 23. Bxd7 Nxd7 24. Qd2 Rae8 25. Rab1 Rb8 26. f4 Qf6 27. Rf1 Qe7 28. f5 Qh4 29. Rbe1 Rbe8 30. Nd6 Re7 31. Kh2 Qf6 32. Nc4 Qg7 33. f6 1-0